ARRUPE JESUIT UNIVERSITY

CORONAVIRUS -STOP THE SPREAD - CLEAN,DISINFECT,COVER

Death in life : (Record no. 129339)

MARC details
000 -LEADER
fixed length control field 01239pam a2200301 a 4500
001 - CONTROL NUMBER
control field 600370
003 - CONTROL NUMBER IDENTIFIER
control field ARRUPE
005 - DATE AND TIME OF LATEST TRANSACTION
control field 20190401095659.0
008 - FIXED-LENGTH DATA ELEMENTS--GENERAL INFORMATION
fixed length control field 910307r19911967ncu b s001 0 eng
010 ## - LIBRARY OF CONGRESS CONTROL NUMBER
LC control number 91050248
020 ## - INTERNATIONAL STANDARD BOOK NUMBER
International Standard Book Number 080784344X (pbk. : alk. paper)
040 ## - CATALOGING SOURCE
Original cataloging agency DLC
Transcribing agency DLC
Modifying agency DLC
043 ## - GEOGRAPHIC AREA CODE
Geographic area code a-ja---
050 00 - LIBRARY OF CONGRESS CALL NUMBER
Classification number D767.25.H6
Item number L4 1991
082 00 - DEWEY DECIMAL CLASSIFICATION NUMBER
Classification number 940.54/25
Edition number 20
300 ## - PHYSICAL DESCRIPTION
Dimensions 24 cm.
100 1# - MAIN ENTRY--PERSONAL NAME
Personal name Lifton, Robert Jay,
Dates associated with a name 1926-
9 (RLIN) 45648
245 10 - TITLE STATEMENT
Title Death in life :
Remainder of title survivors of Hiroshima /
Statement of responsibility, etc Robert Jay Lifton.
260 ## - PUBLICATION, DISTRIBUTION, ETC. (IMPRINT)
Place of publication, distribution, etc Chapel Hill :
Name of publisher, distributor, etc University of North Carolina Press,
Date of publication, distribution, etc c1991.
300 ## - PHYSICAL DESCRIPTION
Extent xii, 594 p. ;
500 ## - GENERAL NOTE
General note Originally published: New York : Random House, c1967. With new pref.
504 ## - BIBLIOGRAPHY, ETC. NOTE
Bibliography, etc Includes bibliographical references (p. 557-576) and index.
650 #0 - SUBJECT ADDED ENTRY--TOPICAL TERM
Topical term or geographic name as entry element Nuclear warfare
General subdivision Psychological aspects.
9 (RLIN) 45649
651 #0 - SUBJECT ADDED ENTRY--GEOGRAPHIC NAME
Geographic name Hiroshima-shi (Japan)
General subdivision History
Chronological subdivision Bombardment, 1945.
9 (RLIN) 45650
906 ## - LOCAL DATA ELEMENT F, LDF (RLIN)
a 7
b cbc
c orignew
d 1
e ocip
f 19
g y-gencatlg
942 ## - ADDED ENTRY ELEMENTS (KOHA)
Source of classification or shelving scheme Library of Congress Classification
Koha item type Monograph ( Printed materials)
Holdings
Withdrawn status Lost status Source of classification or shelving scheme Damaged status Not for loan Collection code Home library Current library Shelving location Date acquired Total Checkouts Full call number Barcode Date last seen Price effective from Koha item type
    Library of Congress Classification     Main Collection ARRUPE LIBRARY ARRUPE LIBRARY Main Collection 01/04/2019   D767.25.H6 L4 1991 46600004438 01/04/2019 01/04/2019 Monograph ( Printed materials)

 

Arrupe Library. PO Box MP320 Mt Pleasant, Harare, Zimbabwe
263 242 745411|librarian@aju.ac.zw